000 00740nas a2200229 4500
001 BR0802074
003 BR-BrBNA
005 20231205111915.0
007 ta
008 230509b bl.|||p| |||| 00| 00por d
040 _aBR-BrBNA
_bpor
_cBiblioteca Nacional de Agricultura
041 _a(Pt)
072 _aSem Cat Prim; L20
100 1 _aBujes, C.S.
100 1 _aVerrastro, L.
245 1 _aObservações sobre o comportamento de liolaemus Occipitalis em cattiveiro (Sauria, Tropiduridae)
650 _aLAGARTO
650 _aCOMPORTAMENTO ANIMAL
773 0 _tRevista Brasileira de Zoologia (Brazil)
_xISSN 0101-8175
_g(Dec 1998), v.15(4) p. 907-912
_wBR0802074
909 _a202311
_bLúcia
_c55
_dLúcia Elande
942 _2AGRIS
_n0
_cANA
999 _c195068
_d195068